Road to revival: (Record no. 7491)

MARC details
000 -LEADER
fixed length control field 00548nam a2200181Ia 4500
003 - CONTROL NUMBER IDENTIFIER
control field GBCCL
005 - DATE AND TIME OF LATEST TRANSACTION
control field 20241126110629.0
008 - FIXED-LENGTH DATA ELEMENTS--GENERAL INFORMATION
fixed length control field 180816b ||||| |||| 00| 0 eng d
040 ## - CATALOGING SOURCE
Transcribing agency GBC
082 ## - DEWEY DECIMAL CLASSIFICATION NUMBER
Classification number 266
Item number SMI
100 ## - MAIN ENTRY--PERSONAL NAME
Personal name Smith, A C Stanley
9 (RLIN) 13235
245 ## - TITLE STATEMENT
Title Road to revival:
Remainder of title The story of the Ruanda Mission/
Statement of responsibility, etc. A C Stanley Smith
260 ## - PUBLICATION, DISTRIBUTION, ETC.
Place of publication, distribution, etc. London :
Name of publisher, distributor, etc. Church Missionary Society,
Date of publication, distribution, etc. [1946]
650 ## - SUBJECT ADDED ENTRY--TOPICAL TERM
Topical term or geographic name entry element Ruanda Mission -- History.
9 (RLIN) 13236
650 ## - SUBJECT ADDED ENTRY--TOPICAL TERM
Topical term or geographic name entry element Missions -- Ruanda-Urundi.
9 (RLIN) 13237
650 ## - SUBJECT ADDED ENTRY--TOPICAL TERM
Topical term or geographic name entry element Missions.
9 (RLIN) 885
942 ## - ADDED ENTRY ELEMENTS (KOHA)
Source of classification or shelving scheme Dewey Decimal Classification
Koha item type Books
Holdings
Withdrawn status Lost status Source of classification or shelving scheme Damaged status Not for loan Home library Current Library Shelving location Date acquired Total checkouts Full call number Barcode Date last seen Copy number Price effective from Koha item type
    Dewey Decimal Classification     GRACE BIBLE COLLEGE GRACE BIBLE COLLEGE Ministry & Mission 2018-08-16   266 SMI 002681 2025-05-01 c.1 2018-08-16 Books
© Grace Bible College Library 2025